Nubes de estío: novela

Збережено в:
Бібліографічні деталі
Автор: Pereda, José María de (Автор)
Формат: Книга
Мова:Іспанська
Опубліковано: Buenos Aires Sopena Argentina 1941
Редагування:1a. ed
Серія:Biblioteca Mundial Sopena
Предмети:
Теги: Додати тег
Немає тегів, Будьте першим, хто поставить тег для цього запису!

MARC

LEADER 00000nam a2200000 a 4500
001 UCH0506
003 CL-VaPUC
008 090312e19410000AG |||||||||||||||||spa|d
082 0 4 |a 863  |b PER  |2 21 
100 0 |a Pereda, José María de  |e author  |9 376902 
245 1 0 |a Nubes de estío: novela 
250 |a 1a. ed 
300 |a 165 p 
942 |c BK 
945 |d 20090312 00:00:00  |a cmena 
260 |a Buenos Aires  |b Sopena Argentina  |c 1941 
650 0 |a Novelas españolas  |9 265052 
650 0 |a Literatura española  |9 306261 
583 |a last modification  |c 20160520 16:16:41  |k Rodrigo Vera 
490 0 |a Biblioteca Mundial Sopena 
999 |c 332802  |d 332800